Викингите (Запис номер 10555)
[ съкратено ]
| 000 -Лидер | |
|---|---|
| Контролно поле с фиксирана дължина | nam a22 a 4500 |
| 003 - Код на организацията, давaща контролен номер | |
| Контролно поле | BLK |
| 005 - Дата и час на последна редакция | |
| Контролно поле | 20210120155737.0 |
| 008 - Елементи от данни с фиксирана дължина | |
| fixed length control field | 180412b bul|||||r ||||||| ||bul|| |
| 010 ## - Наследен системен номер | |
| LC control number | KNG00012054000 |
| 020 ## - Международен стандартен номер на книга ISBN | |
| Международен стандартен номер на книга ISBN | 954-657-011-7 |
| 040 ## - Източник на каталожния запис | |
| Идентификатор на билиотеката - собственик на записа | BLK |
| 041 ## - Код за език | |
| Код за езика на текст/звукозапис или на отделно заглавие | Български |
| Код за езика КДБФ | Български |
| 080 ## - УДК | |
| Текстов определител УДК | Френска литература |
| УДК код - определител по УДК | 821.133.1 |
| УДК определител | -93-34 |
| УДК - код + определител | 821.133.1-93-34 |
| 100 ## - Редна дума - Автор | |
| Автор | Рагаш, Жил |
| Авторска отговорност | първи автор |
| R(LIN) | 251961 |
| 139 ## - Редно поле | |
| Редна дума | Рагаш, Жил |
| Авторски знак | Р - Р 11 |
| 245 10 - Сведения за заглавието | |
| Заглавие | Викингите |
| Подзаглавни данни | Митове и легенди за деца |
| Редно поле (дума) | Жил Рагаш; ил. Марсел Лаверде; прев. от фр. Георги Цанков. |
| 257 ## - Страна на издаване | |
| Страна на създаване/издаване | Франция |
| 260 ## - Област на издателските данни | |
| Място на издаване, разпространение и проч. | София |
| Име на издателя, разпространителя и проч. | Пан |
| Година на издаване | 1994 |
| 300 ## - Физическа характеристика | |
| Страници | 48 с. |
| Илюстрации и др. | с цв. ил. |
| Размери/Мащаб | 29 см |
| 380 ## - Жанр | |
| Жанр | Детска худож. лит. |
| 490 ## - СЕРИИ (Колекции) | |
| Име на серия | Енциклопедия Митове и легенди |
| 9 (RLIN) | 202884 |
| 500 ## - Общи забележки | |
| Забележка | Ориг. загл. Les vikings / Gilles Ragache. |
| 700 1# - Други автори (авторска отговорност) | |
| Лично име | Лаверде, Марсел |
| Автороска отговорност (Описва отношението между автора и произведението) | ил. |
| 9 (RLIN) | 86941 |
| 700 ## - Други автори (авторска отговорност) | |
| Лично име | Цанков, Георги Цанков |
| Автороска отговорност (Описва отношението между автора и произведението) | прев. от фр. |
| Друга информация | Цанев, Георги Цанков |
| 9 (RLIN) | 298296 |
| 852 ## - Местоположение | |
| Форматна сигнатура | Цб ІІ 8925 |
| 856 4# - Електронен адрес и достъп | |
| Електронен формат | pdf - файл |
| Път до файла /url/ | |
| 856 4# - Електронен адрес и достъп | |
| Електронен формат | pdf - файл |
| Път до файла /url/ | |
| 999 ## - СИСТЕМНИ КОНТРОЛНИ НОМЕРА | |
| Koha biblionumber | 10555 |
| Koha biblioitemnumber | 10555 |
| 942 ## - АРТИКУЛИ | |
| Вид на библиотечния материал | Книги |
| Скрит в OPAC | Не |
| Koha issues (borrowed), all copies | 3 |
| Периодичен библиозапис | Да |
| 944 ## - СЪЗДАВАНЕ И РЕДАКЦИЯ на ЗАПИСА | |
| Създаване/Редакция | Създаване |
| Дата на регистрацията/редакция | 15.01.2003 |
| Служител, извършил регистрацията/редакцията | AB_DOS |
| 944 ## - СЪЗДАВАНЕ И РЕДАКЦИЯ на ЗАПИСА | |
| Създаване/Редакция | Редакция |
| Дата на регистрацията/редакция | 15.03.2011 |
| 944 ## - СЪЗДАВАНЕ И РЕДАКЦИЯ на ЗАПИСА | |
| Създаване/Редакция | Редакция |
| Дата на регистрацията/редакция | 2021-01-20 |
| Служител, извършил регистрацията/редакцията | ВК |
| 999 ## - СИСТЕМНИ КОНТРОЛНИ НОМЕРА | |
| Koha biblioitemnumber | 10555 |
| Код за отписване | Код за изгубен артикул | Източник на класификационната схема | Код за повреда | Коз за рестрикции | Код за отдаване | Артикулен № | Име на библиотеката - собственик | Име на библиотеката, в която се намира в момента | Статус (Текущо местоположение) | Дата на вписване в системата | Местоположение - отдел | Цена в лева | Инвентарен номер | Систематично азбучна сигнатура | Баркод | Номер на екземпляра | Цена в евро | Служебна бележка | Служебен тип на артикула |
|---|---|---|---|---|---|---|---|---|---|---|---|---|---|---|---|---|---|---|---|
| Не е изгубен | Universal Decimal Classification | Не е повреден | само за читалня | ползва се в читалня | 18277 | Регионална библиотека "Любен Каравелов" Русе | Регионална библиотека "Любен Каравелов" Русе | Хранилище | 1994-01-01 | Хранилище | 1.08 | 609450 | Цб ІІ 8925 | 120000609450 | 1 | 0.55 | Дост: Dp Вид: Д N: стар фонд Дата: 01.01.1994 | Книги | |
| Изтеглен | Не е изгубен | Universal Decimal Classification | Не е повреден | без рестрикции | заемане за дома | 18278 | Регионална библиотека "Любен Каравелов" Русе | Регионална библиотека "Любен Каравелов" Русе | Детски отдел | 1994-01-01 | Детски отдел | 2.40 | 607641 | ДХ 820/899/ Р 11 | 607641 | 2 | 1.23 | Дост: Pk Вид: Ф N: стар фонд Дата: 01.01.1994 Дата инв: 03.08.2015 Бележки инв: Д2015 | Книги |
| Изтеглен | Не е изгубен | Universal Decimal Classification | Не е повреден | без рестрикции | заемане за дома | 18279 | Регионална библиотека "Любен Каравелов" Русе | Регионална библиотека "Любен Каравелов" Русе | Детски отдел | 1994-01-01 | Детски отдел | 1.08 | 614012 | ДХ 820/899/ Р 11 | 614012 | 3 | 0.55 | Дост: Pk Вид: Ф N: стар фонд Дата: 01.01.1994 Дата инв: 03.08.2015 Бележки инв: Д2015 | Книги |